Music Quiz

Random Music or Rock Quiz
Score 0/50 Timer 11:00
4 Plays Today
% Correct
Prince
97.7%
U2
90.5%
The Jackson 5
84.1%
The Rolling Stones
82.8%
Madonna
82.6%
Johnny Cash
79.1%
Green Day
79%
Black Sabbath
78.4%
Ray Charles
76.6%
Nirvana
71.7%
Joan Jett and the Blackhearts
70.8%
Run-D.M.C.
70.1%
Neil Young
69.9%
R.E.M.
68.9%
Ramones
68%
KISS
67.4%
The Beatles
67%
Santana
64.6%
Eric Clapton
63.4%
Fleetwood Mac
59.3%
Chuck Berry
54.8%
Red Hot Chili Peppers
54.6%
Elvis Costello and the Attractions
53.9%
Metallica
53.7%
Queen
53%
% Correct
Bonnie Raitt
52.1%
Rush
46.4%
Gladys Knight and the Pips
45%
Quincy Jones
44.2%
Talking Heads
44.2%
Heart
43.4%
Public Enemy
40.2%
Peter Gabriel
39%
Isaac Hayes
36.4%
The Four Tops
34.8%
Velvet Underground
31.3%
Tom Waits
29%
Beastie Boys
28.4%
The Clash
26.2%
ABBA
25.3%
The Kinks
25.2%
Cheap Trick
23%
The Ronettes
15.5%
Blondie
13.4%
George Martin
11.2%
Darlene Love
10.4%
Pete Seeger
10.1%
Bill Withers
8.3%
Jimmy Cliff
6.1%
Ruth Brown
5.1%
Remove Ads.
Support Sporcle.
Get the best of Sporcle when you Go Orange. This ad-free experience offers more features, more stats, and more fun while also helping to support Sporcle. Thank you for becoming a member.

You're not logged in!

Compare scores with friends on all Sporcle quizzes.
OR
Log In

Show Comments

Extras

Top Quizzes Today


Score Distribution

Your Account Isn't Verified!

In order to create a playlist on Sporcle, you need to verify the email address you used during registration. Go to your Sporcle Settings to finish the process.

Report this User

Report this user for behavior that violates our Community Guidelines.

Details: